Steve Carell Movies - Statistics

General Stats
  • This quiz has been taken 14 times
  • The average score is 16 of 48
Answer Stats
Year Movie % Correct
2010 Despicable Me
90%
2013 Despicable Me 2
90%
2024 Despicable Me 4
80%
2015 Minions
80%
2017 Despicable Me 3
70%
2004 Anchorman: The Legend of Ron Bergundy
60%
2007 Evan Almighty
60%
2005 The 40-Year-Old Virgin
60%
2015 The Big Short
60%
2013 Anchorman 2: The Legend Continues
50%
2011 Crazy, Stupid, Love
50%
2006 Little Miss Sunshine
50%
2006 Over the Hedge
50%
2018 Beautiful Boy
40%
2003 Bruce Almighty
40%
2008 Get Smart
40%
2007 Knocked Up
40%
2022 Minions: The Rise of Gru
40%
2017 Battle of the Sexes
30%
2007 Dan in Real Life
30%
2010 Date Night
30%
2010 Dinner for Schmucks
30%
2014 Foxcatcher
30%
2024 IF
30%
2013 The Way, Way Back
30%
2018 Vice
30%
1991 Curly Sue
20%
2026 Minions 3
20%
2012 Seeking a Friend for the End of the World
20%
2013 The Incredible Burt Wonderstone
20%
2004 Wake Up, Ron Bergundy: The Lost Movie
20%
2014 Alexander and the Terrible, Horrible, No Good, Very Bad Day
10%
2023 Asteroid City
10%
2005 Bewitched
10%
2016 Cafe Society
10%
2008 Dr. Seuss' Horton Hears a Who!
10%
2015 Freeheld
10%
1998 Homegrown
10%
2012 Hope Springs
10%
2020 Irresistible
10%
2017 Last Flag Flying
10%
2004 Melinda & Melinda
10%
2025 Mountainhead
10%
2014 Neighbors
10%
2004 Sleepover
10%
2007 Stories USA
10%
1998 Tomorrow Night
10%
2018 Welcome to Marwen
10%
No matching quizzes found
Score Distribution
Percent of People with Each Score
Percentile by Number Answered
Your Score History
You have not taken this quiz